000 00532nam a2200181Ia 4500
003 OSt
005 20201118152933.0
008 190216s9999||||xx |||||||||||||| ||und||
020 _a9788120335622
040 _coclc
082 _a657
_bNAR/F
100 _aNarayanaswamy, R
_91176
245 0 _aFinancial Accounting : A Managerial Perspective /
_cR Narayanaswamy
250 _a3rd ed.
260 _bPHI Learning Private Ltd,
_c2009.
_aNew Delhi:
300 _a699p
942 _cBK
_2ddc
_h657
_iNAR/F
_k657
_mNAR/F
999 _c7690
_d7690